| 000 | 00542nam a2200193 a 4500 | ||
|---|---|---|---|
| 005 | 20240228063824.0 | ||
| 008 | 991125c1995 e. 000 0 eng u | ||
| 035 | _aUPN01000010099 | ||
| 049 | _aI | ||
| 050 | 4 |
_aPZ78 _bZ5.28 |
|
| 100 | 1 | _aZiegler, Sandra | |
| 245 | 1 | 3 |
_aLa comprensión / _cil. por Jenny Williams. |
| 260 |
_aE. U. A. : _bThe Child's World, _c1995. |
||
| 300 |
_a31 p. : _bil., col. |
||
| 440 | 0 | _aValores para la vida | |
| 650 | 2 |
_aComprensión _97541 |
|
| 650 | 4 |
_aLibros y lectura para niños _92290 |
|
| 905 | _aInfantil | ||
| 999 |
_c10099 _d10099 |
||